Сочинения (Запис номер 427405)
[ съкратено ]
| 000 -Лидер | |
|---|---|
| Контролно поле с фиксирана дължина | nam a22 a 4500 |
| 003 - Код на организацията, давaща контролен номер | |
| Контролно поле | BLK |
| 005 - Дата и час на последна редакция | |
| Контролно поле | 20210809103052.0 |
| 008 - Елементи от данни с фиксирана дължина | |
| fixed length control field | 210809b bu |||||r|||| 00| | bu d |
| 040 ## - Източник на каталожния запис | |
| Идентификатор на билиотеката - собственик на записа | BLK |
| 041 ## - Код за език | |
| Код за езика на текст/звукозапис или на отделно заглавие | Руски |
| Код за езика КДБФ | Руски |
| 080 ## - УДК | |
| Текстов определител УДК | Руска литература |
| УДК код - определител по УДК | 821.161.1 |
| УДК определител | -1 |
| УДК - код + определител | 821.161.1-1 |
| 080 ## - УДК | |
| Текстов определител УДК | Руска литература |
| УДК код - определител по УДК | 821.161.1 |
| УДК определител | -2 |
| УДК - код + определител | 821.161.1-2 |
| 100 ## - Редна дума - Автор | |
| R(LIN) | 1299 |
| Автор | Крылов, Иван Андреевич |
| Авторска отговорност | първи автор |
| 139 ## - Редно поле | |
| Редна дума | Крылов, Иван Андреевич |
| 245 ## - Сведения за заглавието | |
| Заглавие | Сочинения |
| Подзаглавни данни | В 2 т. |
| Редно поле (дума) | Иван Андреевич Крылов, [Вступ. ст., подготовка текста и примеч. Н. Л. Степанова] |
| Том | Т.2 |
| Заглавие на том | Басни , Стихотворения, Пьесы |
| 260 ## - Област на издателските данни | |
| 9 (RLIN) | 438196 |
| Място на издаване, разпространение и проч. | Москва |
| Име на издателя, разпространителя и проч. | Гослитиздат |
| Година на издаване | 1955 |
| 300 ## - Физическа характеристика | |
| Размери/Мащаб | 21 см |
| 380 ## - Жанр | |
| Жанр | Худож. лит. |
| 760 ## - Описание на основната серия | |
| Редна дума на основното описание | Иван Андреевич Крылов |
| Място на издаване, издател и година | Москва : Гослитиздат, 1955 |
| Страници - том | 512 с. |
| Част - том | Т.2 |
| Заглавие | Басни , Стихотворения, Пьесы |
| 852 ## - Местоположение | |
| Форматна сигнатура | Цб 8.205.46294 |
| Фондова буква | Основен фонд - ползва се само за читалня |
| 999 ## - СИСТЕМНИ КОНТРОЛНИ НОМЕРА | |
| Koha biblionumber | 427405 |
| Koha biblioitemnumber | 427405 |
| 942 ## - АРТИКУЛИ | |
| Вид на библиотечния материал | Книги |
| Скрит в OPAC | Не |
| Периодичен библиозапис | Да |
| 944 ## - СЪЗДАВАНЕ И РЕДАКЦИЯ на ЗАПИСА | |
| Създаване/Редакция | Създаване |
| Дата на регистрацията/редакция | 2021-08-09 |
| Служител, извършил регистрацията/редакцията | Микаела Микова-Илиева |
| Статус, дата на статуса | 2021-08-09 |
| 999 ## - СИСТЕМНИ КОНТРОЛНИ НОМЕРА | |
| Koha biblioitemnumber | 427404 |
| Код за отписване | Код за изгубен артикул | Източник на класификационната схема | Код за повреда | Коз за рестрикции | Код за отдаване | Артикулен № | Име на библиотеката - собственик | Име на библиотеката, в която се намира в момента | Статус (Текущо местоположение) | Дата на вписване в системата | Местоположение - отдел | Цена в лева | Инвентарен номер | Систематично азбучна сигнатура | Баркод | Цена в евро | Служебен тип на артикула |
|---|---|---|---|---|---|---|---|---|---|---|---|---|---|---|---|---|---|
| Не е изгубен | Universal Decimal Classification | Не е повреден | само за читалня | ползва се в читалня | 847696 | Регионална библиотека "Любен Каравелов" Русе | Регионална библиотека "Любен Каравелов" Русе | Хранилище | 2021-08-10 | Основен фонд - ползва се само за читалня | 0.57 | 7065/55 | Цб 8.205.46294 | 900000073084 | 0.29 | Книги |